Mechanics of Structures (Record no. 546548)

000 -LEADER
fixed length control field 00439nam a22001577a 4500
082 ## - DEWEY DECIMAL CLASSIFICATION NUMBER
Classification number 624.171
Author Mark JUN
-- D
100 ## - MAIN ENTRY--PERSONAL NAME
Personal name Junnarkar S.B
9 (RLIN) 42702
110 ## - MAIN ENTRY--CORPORATE NAME
Corporate name or jurisdiction name as entry element Union Book Stall Karachi
9 (RLIN) 42703
245 ## - TITLE STATEMENT
Title Mechanics of Structures
260 ## - PUBLICATION, DISTRIBUTION, ETC.
Place of publication, distribution, etc. Karachi
300 ## - PHYSICAL DESCRIPTION
Extent 546p.:
Other physical details ill.;
526 ## - STUDY PROGRAM INFORMATION NOTE
Program name 0
Interest level 0
Reading level 0
Title point value 624_171000000000000_JUN
526 ## - STUDY PROGRAM INFORMATION NOTE
Program name 0
Interest level 0
Reading level 0
Title point value 624_171000000000000_JUN
526 ## - STUDY PROGRAM INFORMATION NOTE
Program name 0
Interest level 0
Reading level 0
Title point value 624_171000000000000_JUN
942 ## - ADDED ENTRY ELEMENTS (KOHA)
Source of classification or shelving scheme
Koha item type Book
Holdings
Withdrawn status Lost status Source of classification or shelving scheme Damaged status Not for loan Permanent Location Current Location Date acquired Total Checkouts Full call number Barcode Date last seen Date last checked out Price effective from Koha item type
          Military College of Engineering (MCE) Military College of Engineering (MCE) 06/12/2014 1 624.171 JUN MCE-4962 10/14/2019 10/14/2019 06/12/2014 Book
          Military College of Engineering (MCE) Military College of Engineering (MCE) 06/12/2014   624.171 JUN MCE-20733 06/12/2014   06/12/2014 Book
          Military College of Engineering (MCE) Military College of Engineering (MCE) 06/12/2014   624.171 JUN MCE-20748 06/12/2014   06/12/2014 Book
© 2023 Central Library, National University of Sciences and Technology. All Rights Reserved.